International investment perspectives

Salvato in:
Dettagli Bibliografici
Natura: Libro
Lingua:inglese
Pubblicazione: Paris OECD 2006
Edizione:2006 ed.
Soggetti:
Tags: Aggiungi Tag
Nessun Tag, puoi essere il primo ad aggiungerne!!

MARC

LEADER 00000nam a2200000 4500
001 0054551
005 20221124134739.6
020 |a 92-64-02689-4 
041 0 |a eng 
044 |a FR 
245 1 0 |a International investment perspectives 
250 |a 2006 ed. 
264 1 |a Paris  |b OECD  |c 2006 
300 |a 259 s. 
610 2 0 |a investície zahraničné 
610 2 0 |a investície priame zahraničné 
610 2 0 |a investovanie 
610 2 0 |a politika investičná 
610 2 0 |a nástroje investičné